| 000 | 00340nam a2200133Ia 4500 | ||
|---|---|---|---|
| 005 | 20260326235448.0 | ||
| 008 | 260326s9999||||xx |||||||||||||| ||und|| | ||
| 100 | _aAronson, Joseph | ||
| 245 | 4 |
_aThe Encyclopedia of Furniture / _cJoseph Aronson |
|
| 260 | _bClarkson Potter Publishers | ||
| 300 | _a484 p. | ||
| 650 | _aMUEBLES | ||
| 942 | _cBK | ||
| 999 |
_c7645 _d7645 |
||